トマト&オニオンの店舗 - Statistics

General Stats
  • This quiz has been taken 20 times
    16 since last reset
  • The average score is 24 of 42
Answer Stats
地方 店舗 % Correct
近畿 創業店
83%
東北 宮古店
75%
関東 我孫子店
75%
関東 立川店
75%
北陸・甲信越 鯖江インター店
67%
四国・中国 大洲店
67%
四国・中国 岡山城東店
67%
九州・沖縄 那覇安岡店
67%
東北 石巻店
58%
北陸・甲信越 長岡店
58%
北陸・甲信越 佐渡店
58%
北陸・甲信越 信州中野店
58%
北陸・甲信越 小浜店
58%
北陸・甲信越 高木店
58%
近畿 五個荘店
58%
近畿 峰山店
58%
近畿 田辺店
58%
近畿 三田ウッディタウン店
58%
近畿 柏原店
58%
四国・中国 徳島川内店
58%
四国・中国 岡山江崎店
58%
九州・沖縄 鹿児島姶良店
58%
東北 大館店
50%
東北 郡山富久山店
50%
北陸・甲信越 三国イーザ店
50%
近畿 福知山岩井店
50%
近畿 千里万博公園店
50%
近畿 海南店
50%
近畿 新宮佐野店
50%
近畿 岩出店
50%
近畿 神戸長田店
50%
近畿 赤穂店
50%
四国・中国 徳島沖浜店
50%
四国・中国 高梁店
50%
四国・中国 津山駅前店
50%
四国・中国 鳥取湖山店
50%
四国・中国 倉吉店
50%
四国・中国 松江学園通り店
50%
北陸・甲信越 敦賀木崎店
42%
近畿 奈良榛原店
42%
近畿 神戸藤原台店
42%
近畿 神戸摩耶ランプ店
42%
No matching quizzes found
Score Distribution
Percent of People with Each Score
Percentile by Number Answered
Your Score History
You have not taken this quiz since the last reset